Posuvná měřidla. STN 25 1202. ST SEV 1309-78 : Technické požadavky. Účinnost: 1.1.1981

Gespeichert in:
Bibliographische Detailangaben
Format: Buch
Sprache:Tschechisch
Veröffentlicht: Praha : Úřad pro normalizaci a měření, 1980
Schlagworte:
Tags: Tag hinzufügen
Keine Tags, Fügen Sie das erste Tag hinzu!

MARC

LEADER 00000nam a22000003a 4500
001 stu79950
005 20150408175425.5
008 030319s1980----cs------------------cze-d
040 |a STU  |b slo 
041 0 |a cze 
044 |a cs 
080 |a 531.714.8  |7 stu_us_auth*stu8498 
245 |a Posuvná měřidla. STN 25 1202. ST SEV 1309-78 :  |b Technické požadavky. Účinnost: 1.1.1981 
260 |a Praha :  |b Úřad pro normalizaci a měření,  |c 1980 
300 |a 10 s 
650 7 |a meradlá posuvné  |2 stusub 
996 |b 284M039649  |c M*N-554-1  |l MMKN  |s A  |a 24  |w stu79950_0001